00504nam a2200193 a 4500001001300000003000900013005001700022008004100039020002300080082001500103100001900118245004200137260003900179300000900218500003500227505001000262650001900272700001900291nice12345678IN_TiNIC20260116014429.0050524s2003 jaia grp 000 0 eng  a8170330 c39500a320.8bVYA aVyasulu, Vinod aPanchayats, Democracy and Development aJaipur bRawat Publications c2003 a195p aincludes index and biblioraphy2 aIndex aPanchayati Raj1 aVyasulu, Vinod